000 00661nam a2200181Ia 4500
008 151202s9999||||xx |||||||||||||| ||und||
082 _bPNVM-46776
100 _aजोशी प्रभाकर.
245 _aभारताचा आर्थिक ताळेबंद.
260 _bग्रंथाली प्रकाशन.
260 _c2002
300 _a246
600 _aजोशी प्रभाकर.
630 _aभारताचा आर्थिक ताळेबंद.
700 _aजोशी प्रभाकर.
730 _aभारताचा आर्थिक ताळेबंद.
942 _cBOOK
999 _c1312726
_d1312723